00566nam a2200169 a 450000100100000000500170001000800410002702000180006804000250008608200130011110000220012424500270014626000740017330000210024795201110026899900170037900004321020201002040726.0140225s2012 nyu 000 0 spa d a9780802122025 aDO-SdBNPbspacBNPHU axxxbxxx1 aSelf, Will97080010aUmbrella /cWill Self. aNew York :bGrove PressbDistributed by Publishers Group West,c2012. a397 p. ;c21 cm. 001050718MOaGRbGRcCTd2014-02-25iLF1l0oxxx xxxp43210-10r2020-06-25w2020-06-25y1ZNo se presta c42699d42699